Internet vecí a digitálna transformácia v kontexte štvrtej priemyselnej revolúcie

Posúdenie využívania inovatívnych metód a techník v riadení podnikov v kontexte štvrtej priemyselnej revolúcie pri realizácii jednotlivých funkcií manažmentu základe teoretických východísk.

Guardado en:
Detalles Bibliográficos
Autor principal: Čambalíková, Andrea, 1990-
Formato: Capítulo de libro
Lenguaje:eslovaco
Materias:
Etiquetas: Agregar Etiqueta
Sin Etiquetas, Sea el primero en etiquetar este registro!

MARC

LEADER 00000naa$a2200000$$$4500
001 0269676
005 20240502083808.6
041 0 |a slo 
044 |a CZ 
245 1 0 |a Internet vecí a digitálna transformácia v kontexte štvrtej priemyselnej revolúcie  |c Andrea Čambalíková 
520 |a Posúdenie využívania inovatívnych metód a techník v riadení podnikov v kontexte štvrtej priemyselnej revolúcie pri realizácii jednotlivých funkcií manažmentu základe teoretických východísk. 
610 2 0 |a internet vecí 
610 2 0 |a transformácia digitálna 
610 2 0 |a revolúcia priemyselná 
610 2 0 |a priemysel 4.0 
100 1 |a Čambalíková, Andrea, 1990-